Antisemitismus unter Jugendlichen in Deutschland: Herausforderungen für die jugendstrafrechtliche Praxis und Prävention
Auf Basis einer repräsentativen deutschlandweiten Befragung, die im Sommer 2024 durchgeführt wurde, wird untersucht, wie stark sowohl tradierter und als auch israelbezogener Antisemitismus unter Jugendlichen und Heranwachsenden im Alter von 16 bis 21 Jahren in Deutschland verbreitet sind. Analysiert...
| Authors: | ; ; |
|---|---|
| Format: | Print Article |
| Language: | German |
| Published: |
2025
|
| In: |
Zeitschrift für Jugendkriminalrecht und Jugendhilfe
Year: 2025, Volume: 37, Issue: 4, Pages: 308-318 |
| Check availability: | HBZ Gateway |
| Keywords: |
MARC
| LEADER | 00000caa a2200000 c 4500 | ||
|---|---|---|---|
| 001 | 194782760X | ||
| 003 | DE-627 | ||
| 005 | 20260317105800.0 | ||
| 007 | tu | ||
| 008 | 260106s2025 xx ||||| 00| ||ger c | ||
| 035 | |a (DE-627)194782760X | ||
| 035 | |a (DE-599)KXP194782760X | ||
| 040 | |a DE-627 |b ger |c DE-627 |e rda | ||
| 041 | |a ger | ||
| 084 | |a 2,1 |2 ssgn | ||
| 100 | 1 | |a Wetzels, Peter |d 1959- |e VerfasserIn |0 (DE-588)121966313 |0 (DE-627)081651910 |0 (DE-576)170360164 |4 aut | |
| 109 | |a Wetzels, Peter 1959- |a Wetzels, P. 1959- | ||
| 245 | 1 | 0 | |a Antisemitismus unter Jugendlichen in Deutschland |b Herausforderungen für die jugendstrafrechtliche Praxis und Prävention |c Peter Wetzels, Jannik M. K. Fischer, Katrin Brettfeld |
| 264 | 1 | |c 2025 | |
| 300 | |b Illustrationen | ||
| 336 | |a Text |b txt |2 rdacontent | ||
| 337 | |a ohne Hilfsmittel zu benutzen |b n |2 rdamedia | ||
| 338 | |a Band |b nc |2 rdacarrier | ||
| 500 | |a Literaturverzeichnis: Seite 317-318 | ||
| 520 | |a Auf Basis einer repräsentativen deutschlandweiten Befragung, die im Sommer 2024 durchgeführt wurde, wird untersucht, wie stark sowohl tradierter und als auch israelbezogener Antisemitismus unter Jugendlichen und Heranwachsenden im Alter von 16 bis 21 Jahren in Deutschland verbreitet sind. Analysiert wird auch, inwieweit sich diese beiden Formen antisemitischer, intoleranter Einstellungen in nach soziodemografischen Merkmalen gebildeten Teilgruppen unterschiedlich verteilen. Weiter wird auch auf die Überschneidung der verschiedenen analytisch trennbaren Erscheinungsformen des Antisemitismus eingegangen. Ziel ist es unter anderem, potentielle Adressat*innen für die Antisemitismusprävention und ggfs. erforderliche jugendstrafrechtliche Maßnahmen genauer zu umreißen. Multivariate Analysen bestätigen im Ergebnis Befunde früherer Studien, wonach vorwiegend bei in Deutschland lebenden jungen Muslim*innen signifikant erhöhte Raten antisemitischer Einstellungen zu erkennen sind. Weiterführende Analysen innerhalb der Gruppe der jungen Muslim*innen zeigen ferner, dass bei ihnen vor allem die Ausprägung von Verschwörungsmentalität ein erheblicher Einflussfaktor sowohl für tradierten als auch für israelbezogenen Antisemitismus ist. Fundamentalistische religiöse Orientierungen erweisen sich zudem in Bezug auf tradierten Antisemitismus unter jungen Muslim*innen als starker Risikofaktor, während sie multivariat keinen signifikanten Einfluss auf israelbezogenen Antisemitismus erkennen lassen. | ||
| 650 | 4 | |a Antisemitismus | |
| 650 | 4 | |a Migrationshintergrund | |
| 650 | 4 | |a Religion | |
| 650 | 4 | |a Jugendliche | |
| 651 | 4 | |a Israel | |
| 700 | 1 | |a Fischer, Jannik M. K. |e VerfasserIn |4 aut | |
| 700 | 1 | |a Brettfeld, Katrin |e VerfasserIn |0 (DE-588)114797234 |0 (DE-627)546761526 |0 (DE-576)176742352 |4 aut | |
| 773 | 0 | 8 | |i Enthalten in |t Zeitschrift für Jugendkriminalrecht und Jugendhilfe |d Hannover : DVJJ, 2003 |g 37(2025), 4 vom: Dez., Seite 308-318 |w (DE-627)366922033 |w (DE-600)2114812-0 |w (DE-576)106575325 |x 1612-1864 |7 nnas |
| 773 | 1 | 8 | |g volume:37 |g year:2025 |g number:4 |g month:12 |g pages:308-318 |
| 935 | |a rexa | ||
| 951 | |a AR | ||
| ELC | |b 1 | ||
| LOK | |0 000 xxxxxcx a22 zn 4500 | ||
| LOK | |0 001 4937417266 | ||
| LOK | |0 003 DE-627 | ||
| LOK | |0 004 194782760X | ||
| LOK | |0 005 20260317102003 | ||
| LOK | |0 008 260317||||||||||||||||ger||||||| | ||
| LOK | |0 040 |a DE-2619 |c DE-627 |d DE-2619 | ||
| LOK | |0 092 |o n | ||
| LOK | |0 852 |a DE-2619 | ||
| LOK | |0 852 1 |9 00 | ||
| LOK | |0 935 |a ifka | ||
| LOK | |0 939 |a 2026-03-17 |b l01 | ||
| ORI | |a WA-MARC-krimdoka001.raw | ||
